[Event "Rio Grande Centennial op"]
[Site "Rio Grande"]
[Date "2021.10.01"]
[Round "4"]
[White "Bernal, Gustavo"]
[Black "Aguilar, Andres"]
[Result "0-1"]
[WhiteElo "2083"]
[BlackElo "2265"]
[PlyCount "58"]
[EventDate "2021.09.29"]
[EventType "swiss"]
[EventRounds "9"]
[EventCountry "ARG"]
[SourceTitle "EXT 2022"]
[Source "ChessBase"]
[SourceDate "2021.10.06"]
[SourceVersion "1"]
[SourceVersionDate "2021.10.06"]
[SourceQuality "1"]

1. d4 Nf6 2. c4 e6 3. Nf3 Bb4+ 4. Bd2 a5 5. g3 b6 6. Bg2 Bb7 7. 0-0 0-0 8. Nc3 d6 9. b3 Nbd7 10. a3 Bxc3 11. Bxc3 h6 12. Bb2 Be4 13. Bh3 c6 14. Nd2 Bg6 15. Bg2 d5 16. Re1 b5 17. c5 Qc7 18. f4 Ne4 19. Nxe4 Bxe4 20. Bh3 f5 21. Qd2 Kf7 22. e3 g5 23. Kf2 Nf6 24. Rec1 Rg8 25. Ke1 h5 26. Bc3 h4 27. Qf2 hxg3 28. hxg3 Rh8 29. Bf1 Ng4 0-1

[Event "Rio Grande Centennial op"]
[Site "Rio Grande"]
[Date "2021.09.30"]
[Round "3"]
[White "Tokman, Ariel"]
[Black "Bernal, Gustavo"]
[Result "1/2-1/2"]
[WhiteElo "2316"]
[BlackElo "2083"]
[PlyCount "55"]
[EventDate "2021.09.29"]
[EventType "swiss"]
[EventRounds "9"]
[EventCountry "ARG"]
[SourceTitle "EXT 2022"]
[Source "ChessBase"]
[SourceDate "2021.10.06"]
[SourceVersion "1"]
[SourceVersionDate "2021.10.06"]
[SourceQuality "1"]

1. Nf3 Nf6 2. g3 d5 3. Bg2 c6 4. 0-0 Bf5 5. c4 e6 6. cxd5 exd5 7. d3 Bc5 8. a3 0-0 9. b4 Bb6 10. Bb2 Nbd7 11. Nc3 Re8 12. b5 Qe7 13. bxc6 bxc6 14. Rc1 Rac8 15. Rc2 d4 16. Na4 c5 17. Nxb6 axb6 18. Re1 Be6 19. Rc1 Qd6 20. e3 dxe3 21. fxe3 Bg4 22. d4 c4 23. Qa4 b5 24. Qc2 c3 25. Bxc3 Nd5 26. Qd2 Qxa3 27. Bb2 Qb3 28. Ne5 1/2-1/2

[Event "Villa Martelli zt 2.5"]
[Site "Villa Martelli"]
[Date "2017.05.06"]
[Round "7"]
[White "Bernal, Gustavo"]
[Black "Bitelmajer, Martin"]
[Result "0-1"]
[WhiteElo "2075"]
[BlackElo "2440"]
[PlyCount "66"]
[EventDate "2017.04.30"]
[EventType "swiss"]
[EventRounds "9"]
[EventCountry "ARG"]
[SourceTitle "CBM 178 Extra"]
[Source "ChessBase"]
[SourceDate "2017.06.22"]
[SourceVersion "1"]
[SourceVersionDate "2017.06.22"]
[SourceQuality "1"]

1. d4 Nf6 2. c4 e6 3. Nc3 c5 4. d5 exd5 5. cxd5 d6 6. e4 g6 7. Be2 Bg7 8. Nf3 0-0 9. Bf4 a6 10. a4 Bg4 11. Nd2 Bxe2 12. Qxe2 Nh5 13. Be3 Nd7 14. 0-0 Re8 15. Kh1 Rb8 16. a5 Ne5 17. f4 Qh4 18. Bf2 Qxf4 19. Bxc5 Ng3+ 20. hxg3 Qh6+ 21. Kg1 dxc5 22. Rf4 b5 23. Raf1 c4 24. Nd1 Nd3 25. Rh4 Qg5 26. Kh2 Qxd5 27. Ne3 Qd8 28. Nf5 gxf5 29. Qh5 h6 30. Rxf5 Ne5 31. Nf3 Nxf3+ 32. gxf3 Rb7 33. Rg4 Re6 0-1

[Event "Villa Martelli zt 2.5"]
[Site "Villa Martelli"]
[Date "2017.05.04"]
[Round "6"]
[White "Slipak, Sergio"]
[Black "Bernal, Gustavo"]
[Result "1-0"]
[WhiteElo "2444"]
[BlackElo "2075"]
[PlyCount "63"]
[EventDate "2017.04.30"]
[EventType "swiss"]
[EventRounds "9"]
[EventCountry "ARG"]
[SourceTitle "CBM 178 Extra"]
[Source "ChessBase"]
[SourceDate "2017.06.22"]
[SourceVersion "1"]
[SourceVersionDate "2017.06.22"]
[SourceQuality "1"]

1. e4 c5 2. Nf3 d6 3. d4 cxd4 4. Nxd4 Nf6 5. f3 e6 6. c4 Be7 7. Nc3 0-0 8. Be2 a6 9. Be3 Nbd7 10. 0-0 Qc7 11. Rc1 b6 12. b4 Bb7 13. a3 Rac8 14. Qb3 Qb8 15. Rfd1 Rfe8 16. Bf2 Bd8 17. Qb1 Ne5 18. Na4 d5 19. exd5 exd5 20. c5 b5 21. Nc3 Bc7 22. Bg3 Nh5 23. f4 Nxg3 24. hxg3 Nc6 25. Bf3 Ne7 26. Qb2 Rcd8 27. Re1 g5 28. Rxe7 Rxe7 29. Nf5 Re5 30. fxe5 Bxe5 31. Qd2 Bf6 32. Ne2 1-0

[Event "Villa Martelli zt 2.5"]
[Site "Villa Martelli"]
[Date "2017.05.03"]
[Round "4"]
[White "Bernal, Gustavo"]
[Black "Sabas, Jorge"]
[Result "1-0"]
[WhiteElo "2075"]
[BlackElo "2229"]
[PlyCount "87"]
[EventDate "2017.04.30"]
[EventType "swiss"]
[EventRounds "9"]
[EventCountry "ARG"]
[SourceTitle "CBM 178 Extra"]
[Source "ChessBase"]
[SourceDate "2017.06.22"]
[SourceVersion "1"]
[SourceVersionDate "2017.06.22"]
[SourceQuality "1"]

1. d4 d5 2. c4 c6 3. Nf3 Nf6 4. Nc3 e6 5. e3 Nbd7 6. Bd3 dxc4 7. Bxc4 b5 8. Bb3 b4 9. Ne2 Bd6 10. 0-0 0-0 11. Qc2 c5 12. Rd1 Bb7 13. Ng3 Qe7 14. Qe2 a5 15. Bd2 cxd4 16. Nxd4 Nc5 17. Bc4 Nce4 18. Be1 Nxg3 19. hxg3 Be5 20. a3 Nd5 21. Nf3 Bd6 22. a4 Nb6 23. Bb5 Bc5 24. Ne5 Rfc8 25. Nd7 Rc7 26. Nxc5 Rxc5 27. Rac1 g6 28. f3 Rac8 29. Rxc5 Qxc5 30. Bf2 Qc2 31. Qxc2 Rxc2 32. e4 Nc4 33. Rd7 Nxb2 34. Rxb7 e5 35. Bb6 b3 36. Bxa5 Rc1+ 37. Kh2 Nd1 38. Be8 b2 39. Bxf7+ Kg7 40. Bb3+ Kf8 41. Bxd1 b1Q 42. Rxb1 Rxb1 43. Be2 Ra1 44. Bb5 1-0

[Event "Villa Martelli zt 2.5"]
[Site "Villa Martelli"]
[Date "2017.05.02"]
[Round "3"]
[White "Molina, Pablo Sebastian"]
[Black "Bernal, Gustavo"]
[Result "1/2-1/2"]
[WhiteElo "2236"]
[BlackElo "2075"]
[PlyCount "102"]
[EventDate "2017.04.30"]
[EventType "swiss"]
[EventRounds "9"]
[EventCountry "ARG"]
[SourceTitle "CBM 178 Extra"]
[Source "ChessBase"]
[SourceDate "2017.06.22"]
[SourceVersion "1"]
[SourceVersionDate "2017.06.22"]
[SourceQuality "1"]

1. d4 d5 2. Nf3 Nf6 3. c4 c6 4. Nc3 dxc4 5. a4 Bf5 6. e3 e6 7. Bxc4 Bb4 8. Qb3 a5 9. 0-0 Nbd7 10. Bd2 0-0 11. Rae1 Bg4 12. Ne5 Nxe5 13. dxe5 Nd7 14. f4 Nxe5 15. fxe5 Qxd2 16. Ne4 Qd8 17. Rf4 Bxe1 18. Rxg4 Kh8 19. Qxb7 Qd1 20. Rf4 Rab8 21. Qxc6 Bd2+ 22. Rf1 Bxe3+ 23. Kh1 Rbc8 24. Qb5 Qh5 25. Nd6 Rcd8 26. Be2 Qg6 27. Qxa5 f6 28. exf6 gxf6 29. Qc3 Rxd6 30. Qxe3 Qc2 31. Qh6 Rdd8 32. Bh5 Qxb2 33. Bg6 Qb7 34. Bc2 Qg7 35. Qe3 f5 36. Qxe6 Rd2 37. Qc6 f4 38. Be4 Rf2 39. Rg1 Rg8 40. Bd5 f3 41. Bxf3 Qe5 42. Qc1 Rf8 43. Qa1 Rb2 44. Re1 Qc3 45. Re3 Qg7 46. a5 Rxg2 47. Qxg7+ Rxg7 48. a6 Rc8 49. Re1 Ra7 50. Bb7 Rc7 51. Rg1 Rcxb7 1/2-1/2

[Event "ARG-chT"]
[Site "Villa Martelli"]
[Date "2015.10.24"]
[Round "9.1"]
[White "Perez Ponsa, Federico"]
[Black "Bernal, Gustavo"]
[Result "1-0"]
[WhiteElo "2563"]
[BlackElo "2083"]
[PlyCount "51"]
[EventDate "2015.08.29"]
[EventType "team-swiss"]
[EventRounds "9"]
[EventCountry "ARG"]
[SourceTitle "EXT 2017"]
[Source "ChessBase"]
[SourceDate "2016.10.25"]
[SourceVersion "1"]
[SourceVersionDate "2016.10.25"]
[SourceQuality "1"]
[WhiteTeam "Obras AySa"]
[BlackTeam "Piedrabuena Harasic"]
[WhiteTeamCountry "ARG"]
[BlackTeamCountry "ARG"]

1. e4 c5 2. Nf3 d6 3. d4 cxd4 4. Nxd4 Nf6 5. Nc3 a6 6. Be3 e5 7. Nf3 Be6 8. Ng5 Be7 9. Nxe6 fxe6 10. Bc4 Qd7 11. Qf3 b5 12. Bb3 Nc6 13. Qh3 Nd8 14. g4 Qc6 15. Qg2 0-0 16. g5 Nd7 17. Nd5 Re8 18. g6 Nf6 19. gxh7+ Nxh7 20. Rg1 Bf8 21. Bh6 Ra7 22. 0-0-0 Kh8 23. Rd3 exd5 24. Rh3 Rc7 25. Qg6 Re6 26. Bxg7+ 1-0

[Event "Latin Cup-A 6th"]
[Site "Buenos Aires"]
[Date "2015.03.23"]
[Round "6"]
[White "Escalante Ramirez, Brian Sebastian"]
[Black "Bernal, Gustavo"]
[Result "0-1"]
[WhiteElo "2365"]
[BlackElo "2132"]
[PlyCount "70"]
[EventDate "2015.03.19"]
[EventType "swiss"]
[EventRounds "9"]
[EventCountry "ARG"]
[SourceTitle "CBM 165 Extra"]
[Source "ChessBase"]
[SourceDate "2015.04.21"]
[SourceVersion "1"]
[SourceVersionDate "2015.04.21"]
[SourceQuality "1"]

1. e4 c5 2. Nf3 d6 3. d4 cxd4 4. Nxd4 Nf6 5. Nc3 a6 6. Be2 e5 7. Nf3 h6 8. h3 Be6 9. 0-0 Be7 10. Re1 0-0 11. Nh2 Nc6 12. Ng4 b5 13. Nxf6+ Bxf6 14. Nd5 Bg5 15. Bxg5 Qxg5 16. Bg4 Bxd5 17. exd5 Ne7 18. c3 f5 19. Be2 Ng6 20. Bf1 Nf4 21. Kh1 Rf6 22. Qf3 e4 23. Qg3 Qxg3 24. fxg3 Nxd5 25. a4 Rb8 26. axb5 axb5 27. g4 g6 28. gxf5 gxf5 29. g4 Nf4 30. gxf5 d5 31. Ra5 Rxf5 32. Rxb5 Rxb5 33. Bxb5 Nxh3 34. Bd7 Rh5 35. Bg4 Nf2+ 0-1

[Event "Villa Martelli op-B 21st"]
[Site "Villa Martelli"]
[Date "2014.11.10"]
[Round "4"]
[White "Bernal, Gustavo"]
[Black "Montes de Oca, Juan Jose"]
[Result "0-1"]
[WhiteElo "2129"]
[BlackElo "2100"]
[PlyCount "112"]
[EventDate "2014.11.07"]
[EventType "swiss"]
[EventRounds "9"]
[EventCountry "ARG"]
[SourceTitle "CBM 163 Extra"]
[Source "ChessBase"]
[SourceDate "2014.12.23"]
[SourceVersion "1"]
[SourceVersionDate "2014.12.23"]
[SourceQuality "1"]

1. d4 d6 2. c4 c6 3. Nc3 Qc7 4. e4 e5 5. Nf3 Bg4 6. Be2 Nf6 7. 0-0 Nbd7 8. Be3 Be7 9. h3 Bh5 10. Nd2 Bxe2 11. Qxe2 g6 12. b4 Nh5 13. g3 0-0 14. Kg2 Rae8 15. d5 f5 16. exf5 Rxf5 17. Nde4 Ndf6 18. Rac1 Nxe4 19. Nxe4 b6 20. Rfd1 c5 21. bxc5 bxc5 22. Rb1 Qd7 23. Qb2 Rff8 24. Qb7 Qf5 25. Nd2 Nf4+ 26. Bxf4 exf4 27. Qb3 fxg3 28. Qxg3 Bg5 29. Nf3 Bh6 30. Re1 Bf4 31. Qg4 Qf7 32. Rxe8 Rxe8 33. Re1 Rxe1 34. Nxe1 h5 35. Qf3 Be5 36. Qxf7+ Kxf7 37. Nd3 Kf6 38. f4 Bc3 39. Kf3 Kf5 40. Nc1 Bd2 41. Nd3 h4 42. Nf2 Bxf4 43. Ng4 Bg3 44. Ke3 Bf4+ 45. Kf3 Bd2 46. Ke2 Bc1 47. Kf3 a5 48. a4 Bg5 49. Nf2 Ke5 50. Ne4 Bh6 51. Nc3 Kd4 52. Nb5+ Kxc4 53. Nxd6+ Kxd5 54. Nb7 Bd2 55. Kg4 c4 56. Kxh4 Bb4 0-1

[Event "ARG-chT"]
[Site "Villa Martelli"]
[Date "2014.10.18"]
[Round "8.3"]
[White "Bernal, Gustavo"]
[Black "Malbran, Guillermo"]
[Result "0-1"]
[WhiteElo "2130"]
[BlackElo "2199"]
[PlyCount "50"]
[EventDate "2014.08.30"]
[EventType "team-tourn"]
[EventRounds "9"]
[EventCountry "ARG"]
[SourceTitle "EXT 2015"]
[Source "ChessBase"]
[SourceDate "2014.11.20"]
[SourceVersion "1"]
[SourceVersionDate "2014.11.20"]
[SourceQuality "1"]
[WhiteTeam "Fueguina Federation"]
[BlackTeam "Uba"]
[WhiteTeamCountry "ARG"]
[BlackTeamCountry "ARG"]

1. d4 g6 2. e4 c6 3. c4 Bg7 4. Nc3 d6 5. Be3 Nf6 6. f3 a6 7. Qd2 b5 8. Rc1 Nbd7 9. Nd1 0-0 10. Ne2 bxc4 11. g3 e5 12. Bg2 d5 13. Nf2 Re8 14. 0-0 Bb7 15. b3 exd4 16. Bxd4 c5 17. Bxf6 Nxf6 18. e5 Rxe5 19. f4 Re7 20. Rfd1 Qe8 21. Kf1 cxb3 22. Rxc5 bxa2 23. Qxa2 a5 24. Nd4 Ba6+ 25. Kg1 Re1+ 0-1

[Event "ARG-chT"]
[Site "Villa Martelli"]
[Date "2014.09.27"]
[Round "5.3"]
[White "Roca, Alfredo Cristian"]
[Black "Bernal, Gustavo"]
[Result "0-1"]
[WhiteElo "2364"]
[BlackElo "2130"]
[PlyCount "92"]
[EventDate "2014.08.30"]
[EventType "team-tourn"]
[EventRounds "9"]
[EventCountry "ARG"]
[SourceTitle "EXT 2015"]
[Source "ChessBase"]
[SourceDate "2014.11.20"]
[SourceVersion "1"]
[SourceVersionDate "2014.11.20"]
[SourceQuality "1"]
[WhiteTeam "Ushuaia Jaque Mate"]
[BlackTeam "Fueguina Federation"]
[WhiteTeamCountry "ARG"]
[BlackTeamCountry "ARG"]

1. Nf3 Nf6 2. c4 c6 3. b3 d5 4. Bb2 Bf5 5. g3 e6 6. Bg2 Nbd7 7. 0-0 Be7 8. d3 h6 9. Nbd2 0-0 10. Rc1 Bh7 11. Rc2 a5 12. a3 Qb6 13. Qa1 Rfe8 14. Ne5 Bf8 15. Bc3 Nxe5 16. Bxe5 Nd7 17. Bc3 Qa6 18. Rfc1 b5 19. Bb2 Rac8 20. Nf3 c5 21. Ne5 Nxe5 22. Bxe5 dxc4 23. bxc4 b4 24. axb4 cxb4 25. Qa4 f6 26. Ba1 e5 27. Bd5+ Kh8 28. Ra2 e4 29. d4 e3 30. Qxa5 exf2+ 31. Kxf2 Qd6 32. Qa6 Qe7 33. e4 Bxe4 34. Re2 f5 35. Rce1 Qg5 36. Bxe4 fxe4 37. Rxe4 Qf5+ 38. Rf4 Qc2+ 39. Kf1 Qd3+ 40. Kg2 Qd2+ 41. Kh3 Qxe1 42. d5 Kg8 43. Qg6 Qe7 44. Rg4 Qf7 45. Qxh6 Qf1+ 46. Kh4 Qxa1 0-1

[Event "Latin Cup"]
[Site "Montevideo"]
[Date "2011.11.06"]
[Round "9"]
[White "Trois, Francisco R Torres"]
[Black "Bernal, Gustavo"]
[Result "1-0"]
[WhiteElo "2275"]
[BlackElo "2068"]
[PlyCount "69"]
[EventDate "2011.11.01"]
[EventType "swiss"]
[EventRounds "9"]
[EventCountry "URU"]
[SourceTitle "EXT 2012"]
[Source "ChessBase"]
[SourceDate "2011.11.24"]
[SourceVersion "1"]
[SourceVersionDate "2011.11.24"]
[SourceQuality "1"]

1. e4 e5 2. Nf3 Nc6 3. Bc4 Nf6 4. d3 Be7 5. Bb3 0-0 6. Nbd2 d6 7. c3 Be6 8. Bc2 d5 9. h3 dxe4 10. dxe4 h6 11. Qe2 Nh7 12. Nc4 Bf6 13. 0-0 Bxc4 14. Qxc4 Ng5 15. Nh2 Ne6 16. Rd1 Qe7 17. Ng4 Bg5 18. b4 Bxc1 19. Raxc1 Qg5 20. Kh2 Rad8 21. Ne3 Ne7 22. Rxd8 Rxd8 23. Rd1 Rxd1 24. Bxd1 c6 25. g3 Ng6 26. Bg4 Ngf8 27. Qe2 g6 28. h4 Qd8 29. h5 Kg7 30. Nd1 Qg5 31. hxg6 fxg6 32. Bxe6 Nxe6 33. Qd3 Qh5+ 34. Kg1 Kf6 35. Qd6 1-0

[Event "Latin Cup"]
[Site "Montevideo"]
[Date "2011.11.01"]
[Round "1"]
[White "Rijo, Pedro"]
[Black "Bernal, Gustavo"]
[Result "0-1"]
[WhiteElo "1585"]
[BlackElo "2068"]
[PlyCount "68"]
[EventDate "2011.11.01"]
[EventType "swiss"]
[EventRounds "9"]
[EventCountry "URU"]
[SourceTitle "EXT 2012"]
[Source "ChessBase"]
[SourceDate "2011.11.24"]
[SourceVersion "1"]
[SourceVersionDate "2011.11.24"]
[SourceQuality "1"]

1. e4 c5 2. Nf3 Nc6 3. Bc4 e6 4. Nc3 a6 5. d3 d6 6. Bf4 Nf6 7. Bg5 Be7 8. 0-0 0-0 9. Re1 Qc7 10. Bf4 b5 11. Bb3 b4 12. Na4 e5 13. Bd2 Na5 14. c3 Nxb3 15. axb3 a5 16. Re3 Ng4 17. Re1 f5 18. h3 fxe4 19. dxe4 Nf6 20. Rc1 Qb7 21. Bg5 Be6 22. c4 h6 23. Bxf6 Rxf6 24. Re3 Raf8 25. Qe2 Bd8 26. Rf1 Bd7 27. Nh4 Kh7 28. Rg3 g5 29. Nf3 Rf4 30. Nd2 g4 31. hxg4 Bh4 32. Rf3 Bxg4 33. Qe3 Bxf3 34. Nxf3 Rxf3 0-1

[Event "Villa Martelli Rubinstein op"]
[Site "Villa Martelli"]
[Date "2011.08.07"]
[Round "7"]
[White "Leon, Leonardo"]
[Black "Bernal, Gustavo"]
[Result "0-1"]
[WhiteElo "1903"]
[BlackElo "2094"]
[PlyCount "86"]
[EventDate "2011.08.01"]
[EventType "swiss"]
[EventRounds "9"]
[EventCountry "ARG"]
[SourceTitle "EXT 2012"]
[Source "ChessBase"]
[SourceDate "2011.11.24"]
[SourceVersion "1"]
[SourceVersionDate "2011.11.24"]
[SourceQuality "1"]

1. d4 d5 2. Bf4 Nf6 3. e3 Bf5 4. Nf3 e6 5. Nbd2 Be7 6. c4 c6 7. Qb3 Qb6 8. c5 Qxb3 9. axb3 Nbd7 10. b4 Nh5 11. b5 Nxf4 12. exf4 0-0 13. Nb3 Be4 14. Kd2 Bxf3 15. gxf3 Bh4 16. Ke3 f6 17. Bh3 f5 18. Bf1 cxb5 19. Bxb5 Nf6 20. Ra2 a6 21. Rha1 Rab8 22. Bd3 Nh5 23. Rg1 Rfc8 24. Na5 Rc7 25. b4 Be7 26. Nb3 Kf7 27. Nd2 g6 28. Nb1 Bf8 29. Nc3 Bh6 30. Ne2 Kf6 31. h4 Re7 32. Rg5 Bxg5 33. fxg5+ Kg7 34. f4 h6 35. b5 axb5 36. Bxb5 hxg5 37. hxg5 b6 38. c6 Rc7 39. Ra6 Kf7 40. Nc3 Ng7 41. Na4 Ne8 42. Nxb6 Nd6 43. Ba4 Rxb6 0-1

[Event "Villa Martelli Rubinstein op"]
[Site "Villa Martelli"]
[Date "2011.08.03"]
[Round "3"]
[White "Bernal, Gustavo"]
[Black "Sosa, Ruben"]
[Result "0-1"]
[WhiteElo "2094"]
[BlackElo "1966"]
[PlyCount "76"]
[EventDate "2011.08.01"]
[EventType "swiss"]
[EventRounds "9"]
[EventCountry "ARG"]
[SourceTitle "EXT 2012"]
[Source "ChessBase"]
[SourceDate "2011.11.24"]
[SourceVersion "1"]
[SourceVersionDate "2011.11.24"]
[SourceQuality "1"]

1. d4 Nf6 2. c4 e5 3. dxe5 Ng4 4. Nf3 Nc6 5. e3 Ngxe5 6. Be2 Bb4+ 7. Nbd2 d6 8. 0-0 Bf5 9. Nb3 Bc5 10. Nfd4 Bxd4 11. Nxd4 Bd7 12. f4 Ng6 13. Bd3 Qf6 14. Nb5 0-0-0 15. Nc3 Kb8 16. Nd5 Qh4 17. b4 Nce7 18. g3 Qg4 19. Be2 Qh3 20. Rf2 Nxd5 21. cxd5 Qf5 22. Bf3 Qf6 23. Bb2 Qe7 24. Bd4 h5 25. Rc1 Qe8 26. Qc2 Rc8 27. Qb2 Ba4 28. Qa3 b5 29. Bd1 Ne7 30. e4 h4 31. Bxa4 bxa4 32. b5 hxg3 33. hxg3 Nxd5 34. Bxa7+ Kxa7 35. Qxa4+ Kb8 36. exd5 Qe3 37. Qc4 Qxg3+ 38. Rg2 Qe3+ 0-1